00429nam a2200121Ia 4500082001800000245006500018260002900083440002200112500005100134650001300185650001500198710009400213 a636.954 NSS-; 0aKey indicators of land and livestock holdings in India: 2013 aNew Delhibthe authorc0 aNSS KI; (70/18.1) acontents: NSS 70th Round January-December 2013 aLAND USE aLIVESTOCKS aIndia. Ministry of Statistics and Programme Implementation. National Sample Survey Office